LIBRARY & INFORMATION CENTRE, KCAET, TAVANUR

ONLINE PUBLIC ACCESS CATALOGUE (OPAC)

Normal view MARC view
  • Soil erosion

Entry Topical Term

Number of records used in: 3

001 - CONTROL NUMBER

  • control field: 2065

003 - CONTROL NUMBER IDENTIFIER

  • control field: OSt

005 - DATE AND TIME OF LATEST TRANSACTION

  • control field: 20170804144853.0

008 - FIXED-LENGTH DATA ELEMENTS

  • fixed length control field: 170804|| aca||aabn | a|a d

040 ## - CATALOGING SOURCE

  • Original cataloging agency: OSt
  • Transcribing agency: OSt

150 ## - HEADING--TOPICAL TERM

  • Topical term or geographic name as entry element: Soil erosion

670 ## - SOURCE DATA FOUND

  • Source citation: Work cat.: (OSt): Das, Ghanshyam . 2060, Hydrology and soil conservation engineering Including watershed management, 2016
free website counter